000 00538nam a2200217Ia 4500
003 OSt
005 20220928151410.0
006 a|||||r|||| 00| 0
007 ta
008 220927b |||||||| |||| 00| 0 eng d
024 _a125680
037 _cTextual
040 _aSDCL
_cSDCL
_beng
041 _2eng
_aeng
082 _aBxM10, L5.1
100 _aWeil Andre
_9402100
245 0 _aErnst Eduard Kummer collected papers
260 _c1975
942 _hBxM10, L5.1
_cTEXL
_2CC
999 _c851507
_d851507